Desulfurization of hot metal by Magnesium
Saved in:
| Hovedforfatter: | |
|---|---|
| Format: | Bog |
| Sprog: | engelsk |
| Udgivet: |
Dayton
International Magnesium Association
1983
|
| Udgivelse: | 1a. ed |
| Fag: | |
| Tags: |
Tilføj Tag
Ingen Tags, Vær først til at tagge denne postø!
|
MARC
| LEADER | 00000cam a2200000 a 4500 | ||
|---|---|---|---|
| 001 | UCC6724 | ||
| 003 | CL-VaPUC | ||
| 008 | 190103e19830000us |||||||||||||||||eng|d | ||
| 082 | 0 | 4 | |a 660.63 |b VOR |2 21 |
| 100 | 0 | |a Voronova, N. A |e author |9 601199 | |
| 245 | 1 | 0 | |a Desulfurization of hot metal by Magnesium |
| 250 | |a 1a. ed | ||
| 300 | |a 276 p | ||
| 942 | |c BK | ||
| 945 | |d 20190103 17:32:00 |a dcastane | ||
| 260 | |a Dayton |b International Magnesium Association |c 1983 | ||
| 650 | 7 | |a DESULFURACION |2 CL-VaPUC |9 601200 | |
| 650 | 0 | |a Bioquímica |9 259492 | |
| 650 | 0 | |a Tratamiento de residuos |9 262890 | |
| 583 | |a last modification |c 20190103 17:32:00 |k Rodrigo Vera | ||
| 999 | |c 373591 |d 373589 | ||
| 952 | |0 0 |1 0 |3 erd |4 0 |6 660_630000000000000_VOR_1983 |7 0 |8 A |9 491785 |a BIBING |b BIBING |i 5527325 |o 660.63 VOR 1983 |p 5527325 |r 2025-01-20 |w 2019-11-24 |y BK |z Catalogado en:20190103 |k EIQ | ||